000 00905nam a2200277Ia 4500
003 GCL
008 140319s9999 xx 000 0 ara d
040 _aGCL /
_cGCL
082 0 4 _a962.45
_bع م
100 1 _aعبدالتواب مصطفى
245 1 0 _aملحمة الجنوب قصة الديمقراطية فى السودان ابان ثورة مارس ابريل 1985 /
_cعبدالتواب مصطفى
260 _a[S.N] :
_bدار اخبار اليوم
300 _a173 ص
490 _a
650 0 4 _aالعصر الحديث
650 0 4 _aتاريخ
650 0 4 _aالاحوال السياسية
650 0 4 _aالسودان
650 0 4 _aالديمقراطية
650 0 4 _aالانقلابات
650 0 4 _aالاسلام والسياسة
650 0 4 _aجعفر نميرى
650 0 4 _aالمرغنى
650 0 4 _aالحكومات الانتقالية
942 _2ddc
_cBK
999 _c29759
_d29759